Chữ người tử tù

Guardat en:
Dades bibliogràfiques
Autor principal: Nguyễn, Tuân
Format: Llibre
Idioma:Undetermined
Publicat: Hà Nội Văn học 2008
Matèries:
Etiquetes: Afegir etiqueta
Sense etiquetes, Sigues el primer a etiquetar aquest registre!
Thư viện lưu trữ: Trung tâm Học liệu Trường Đại học Cần Thơ
LEADER 00564nam a2200205Ia 4500
001 CTU_136486
008 210402s9999 xx 000 0 und d
020 |c 30000 
082 |a 895.922334 
082 |b T502 
100 |a Nguyễn, Tuân 
245 0 |a Chữ người tử tù 
245 0 |c Nguyễn Tuân 
260 |a Hà Nội 
260 |b Văn học 
260 |c 2008 
650 |a Vietnamese fiction,Tiểu thuyết 
650 |y 20th century 
904 |i Trọng Hải 
980 |a Trung tâm Học liệu Trường Đại học Cần Thơ